Libro de buen amor
Saved in:
| Main Author: | |
|---|---|
| Format: | Book |
| Language: | Spanish |
| Published: |
Madrid
Espasa Calpe
1951
|
| Edition: | 6a. ed |
| Series: | Clásicos Castellanos, 14
|
| Subjects: | |
| Tags: |
Add Tag
No Tags, Be the first to tag this record!
|
MARC
| LEADER | 00000nam a2200000 a 4500 | ||
|---|---|---|---|
| 001 | UCX5224 | ||
| 003 | CL-VaPUC | ||
| 008 | 921008e19510000SP |||||||||||||||||spa|d | ||
| 082 | 0 | 4 | |a 861 |b RUI |2 21 |
| 100 | 0 | |a Ruiz, Juan |e author |9 321492 | |
| 245 | 1 | 0 | |a Libro de buen amor |
| 250 | |a 6a. ed | ||
| 300 | |a v | ||
| 942 | |c BK | ||
| 945 | |d 19921008 00:00:00 | ||
| 260 | |a Madrid |b Espasa Calpe |c 1951 | ||
| 650 | 0 | |a Poesías españolas |9 265100 | |
| 583 | |a last modification |c 19921008 00:00:00 |k Rodrigo Vera | ||
| 490 | 0 | |a Clásicos Castellanos, 14 | |
| 999 | |c 225521 |d 225519 | ||
| 952 | |0 0 |1 0 |4 0 |6 861_000000000000000_RUI_1951 |7 0 |8 A |9 223097 |a FDOPOS |b FDOPOS |d 2019-11-15 |h v.1 |i 291946K |o 861 RUI 1951 |p 291946K |r 2023-08-09 |w 2019-11-15 |y BK |k MLH | ||
| 952 | |0 0 |1 0 |4 0 |6 861_000000000000000_RUI_1951 |7 0 |8 A |9 223098 |a FDOPOS |b FDOPOS |d 2019-11-15 |h v.2 |i 2920514 |o 861 RUI 1951 |p 2920514 |r 2023-08-09 |w 2019-11-15 |y BK |k MLH | ||